दहशत में दुनिया / (Record no. 51105)
[ view plain ]
| 000 -LEADER | |
|---|---|
| fixed length control field | 01011nam a22002297a 4500 |
| 005 - DATE AND TIME OF LATEST TRANSACTION | |
| control field | 20080929101452.0 |
| 008 - FIXED-LENGTH DATA ELEMENTS--GENERAL INFORMATION | |
| fixed length control field | 080929t xxu||||| |||| 00| 0chin d |
| 010 ## - LCCN (DPL NO) | |
| LC control number | HIN-92061 |
| 020 ## - INTERNATIONAL STANDARD BOOK NUMBER | |
| International Standard Book Number | 9788190661744 |
| Terms of availability | 200.00 |
| 035 ## - SYSTEM CONTROL NUMBER | |
| System control number | HN-64406 |
| 037 ## - SOURCE OF ACQUISITION | |
| Source of stock number/acquisition | DBAD / PUB |
| 040 ## - CATALOGING SOURCE | |
| Original cataloging agency | DPL |
| Language of cataloging | HN |
| 082 ## - DEWEY DECIMAL CLASSIFICATION NUMBER | |
| Classification number | 303.62 |
| 100 ## - MAIN ENTRY--PERSONAL NAME | |
| Personal name | तिवारी,सर्वेश |
| 9 (RLIN) | 26640 |
| 245 ## - TITLE STATEMENT | |
| Title | दहशत में दुनिया / |
| Statement of responsibility, etc | सर्वेश तिवारी |
| 246 ## - VARYING FORM OF TITLE | |
| Title proper/short title | Dehshat meain duniya |
| Remainder of title | by Sarvesh tiwari |
| 260 ## - PUBLICATION, DISTRIBUTION, ETC. (IMPRINT) | |
| Place of publication, distribution, etc | दिल्ली |
| Name of publisher, distributor, etc | आत्माराम एण्ड संस |
| Date of publication, distribution, etc | 2011 |
| 270 ## - ADDRESS | |
| Address | 1376,, कश्मीरी गेट, |
| City | दिल्ली |
| Postal code | 110006 |
| Telephone number | 011-23946466, 23973082 |
| Electronic mail address | atmaram-book@hotmail.com |
| 300 ## - PHYSICAL DESCRIPTION | |
| Extent | 130पृ., |
| Dimensions | 22सेमी (सजिल्द) |
| 942 ## - ADDED ENTRY ELEMENTS (KOHA) | |
| Source of classification or shelving scheme | Dewey Decimal Classification |
| Item type | Hindi Books |
| Classification part | 303.62 |
| Call number suffix | तिवारी |
| Withdrawn status | Lost status | Source of classification or shelving scheme | Damaged status | Not for loan | Home library | Current library | Date acquired | Total Checkouts | Full call number | Date last seen | Koha item type |
|---|---|---|---|---|---|---|---|---|---|---|---|
| Dewey Decimal Classification | Andrews Gunj | Andrews Gunj | 07/04/2011 | 303.62 तिवारी | 07/04/2011 | Hindi Books |
